| 000 | 00000nam 2200000zi 4500 |
| 001 | 9.940016 |
| 003 | CaOODSP |
| 005 | 20241203113656 |
| 006 | m o d f |
| 007 | cr |n||||||||| |
| 008 | 240628t19951995onc o f000 0 eng d |
| 020 | |z0662232402 |
| 040 | |aCaOODSP|beng|erda|cCaOODSP |
| 043 | |an-cn--- |
| 086 | 1 |aH49-95/1995E-PDF |
| 245 | 00|aCanadian water guidelines : |bsummary of Guidelines for water quality in Canada, 1995. |
| 264 | 1|a[Ottawa] : |bHealth Canada : |bEnvironment Canada, |c1995. |
| 264 | 4|c©1995 |
| 300 | |a1 online resource (5 unnumbered pages) |
| 336 | |atext|btxt|2rdacontent |
| 337 | |acomputer|bc|2rdamedia |
| 338 | |aonline resource|bcr|2rdacarrier |
| 500 | |aDigitized edition from print [produced by Environment and Climate Change Canada]. |
| 650 | 0|aDrinking water|xStandards|zCanada. |
| 650 | 0|aWater quality|zCanada. |
| 650 | 6|aEau potable|xNormes|zCanada. |
| 650 | 6|aEau|xQualité|zCanada. |
| 710 | 1 |aCanada. |bHealth Canada, |eissuing body. |
| 710 | 1 |aCanada. |bEnvironment Canada, |eissuing body. |
| 856 | 40|qPDF|s9.31 MB|uhttps://publications.gc.ca/collections/collection_2024/eccc/H49-95-1995-eng.pdf |